000
00294nam a2200109Ia 4500
005
20251222144841.0
008
251222s9999||||xx |||||||||||||| ||spa||
082
_a
304.628.5/F64
245
0
_a
Servicios Básicos Integrados en Áreas Urbano-marginales del Perú
264
_b
UNICEF
942
_c
LIB
999
_c
21236
_d
21236